000 00275cam a22000977a 4500
008 180718b1955 xxu||||| |||| 00| 0 eng d
082 _aD89x5442
245 _aRehabilitation of displaced persons in Saurashtra
260 _aRajkot
_bGovernment of Saurashtra
_c1955
300 _a9p.
999 _c490296
_d490296